អត់ ទេ ! / (Record no. 1268)

MARC details
000 -LEADER
fixed length control field 01355nam a22002897a 4500
005 - DATE AND TIME OF LATEST TRANSACTION
control field 20230810091355.0
020 ## - INTERNATIONAL STANDARD BOOK NUMBER
International Standard Book Number 9789924340942
040 ## - CATALOGING SOURCE
Original cataloging agency FISKH
Language of cataloging eng
Transcribing agency FISKH
Modifying agency FISKH
082 ## - DEWEY DECIMAL CLASSIFICATION NUMBER
Classification number 646.4
100 ## - MAIN ENTRY--PERSONAL NAME
Personal name Mav, Seaw
245 ## - TITLE STATEMENT
Title អត់ ទេ ! /
Statement of responsibility, etc. និពន្ធដោយ សៀវ ម៉ាវ - រូបភាពដោយ ស៊ូ ខៃយុន ; បកប្រែពីភាសាអង់គ្លេសដោយ អ៊ូច សូដានី
250 ## - EDITION STATEMENT
Edition statement បោះពុម្ពលើកទី ២ មិនា ២០២២
260 ## - PUBLICATION, DISTRIBUTION, ETC.
Place of publication, distribution, etc. Phnom Penh :
Name of publisher, distributor, etc. Sipar,
Date of publication, distribution, etc. 2022.
300 ## - PHYSICAL DESCRIPTION
Extent 27 pages :
Other physical details color illustrations ;
Dimensions 17 cm
490 ## - SERIES STATEMENT
Series statement តស់រៀន !
505 ## - FORMATTED CONTENTS NOTE
Formatted contents note C <br/>
520 ## - SUMMARY, ETC.
Summary, etc. រៀបរាប់អំពីកុមារតូចម្នាក់ដែលតែងតែបដិសេធរាល់ការណែនាំរបស់មនុស្សធំ។
520 ## - SUMMARY, ETC.
Summary, etc. Describes a young child who always refuses adult guidance.
521 ## - TARGET AUDIENCE NOTE
Target audience note 100 <br/>
Source Lexile estimate <br/>
521 ## - TARGET AUDIENCE NOTE
Target audience note C <br/>
Source Raz-Plus <br/>
650 ## - SUBJECT ADDED ENTRY--TOPICAL TERM
Topical term or geographic name entry element ក្មេងតូច
Form subdivision បដិសេធ
General subdivision ការណែនាំ​
650 ## - SUBJECT ADDED ENTRY--TOPICAL TERM
Topical term or geographic name entry element A young child
Form subdivision Refuse
General subdivision Guidance
700 ## - ADDED ENTRY--PERSONAL NAME
Personal name Khaiyun, Sou
Titles and other words associated with a name illustrator
942 ## - ADDED ENTRY ELEMENTS (KOHA)
Source of classification or shelving scheme Dewey Decimal Classification
Koha item type Books
Suppress in OPAC No
999 ## -
-- 1268
-- 1268
Holdings
Withdrawn status Lost status Source of classification or shelving scheme Damaged status Not for loan Collection Home library Current library Shelving location Date acquired Total Checkouts Full call number Barcode Date last seen Date last checked out Copy number Price effective from Koha item type
    Dewey Decimal Classification     Khmer Language Books / សៀវភៅភាសាខ្មែរ Footprints International School Library Network Toul Kork Campus Footprints International School Library Network Toul Kork Campus TK Campus, Room B402, Khmer Book Case 16, Shelves 112-123 / ទូរសៀវភៅខ្មែរលេខ ១៦​ ធ្នើរ ១១២ ដល់ ១២៣ បន្ទប់ B402 សាខាទួលគោក 08/10/2023 3 MAV 646.4 2023-0229 01/05/2026 11/10/2025 1 08/10/2023 Books
    Dewey Decimal Classification     Khmer Language Books / សៀវភៅភាសាខ្មែរ Footprints International School Library Network Toul Kork Campus Footprints International School Library Network Toul Kork Campus TK Campus, Room B402, Khmer Book Case 16, Shelves 112-123 / ទូរសៀវភៅខ្មែរលេខ ១៦​ ធ្នើរ ១១២ ដល់ ១២៣ បន្ទប់ B402 សាខាទួលគោក 08/10/2023   MAV 646.4 2023-0230 08/10/2023   2 08/10/2023 Books